Estatísticas para Mapa da África com Países Mesclados Aleatórios

Clique aqui para jogar o quiz

Estatísticas Gerais

  • Esse quiz foi jogado 1 458 vezes
  • A pontuação média é 10 de 12

Respostas no mapa

Respostas codificadas por cores de uma escala verde-vermelha no mapa do quiz de acordo com a % correta abaixo.
 

Estatísticas das Respostas

País% Correto
PaísesArgélia
96%
PaísesEgito
96%
PaísesAngola
95%
PaísesMarrocos
95%
PaísesNíger
94%
PaísesRep. Dem. do Congo
93%
PaísesSudão
93%
PaísesSudão
93%
PaísesEtiópia
92%
PaísesMarrocos
92%
PaísesNíger
92%
PaísesRep. Dem. do Congo
92%
PaísesÁfrica do Sul
91%
PaísesLíbia
91%
PaísesMali
91%
PaísesRepública Centro-Africana
91%
PaísesRepública do Congo
91%
PaísesAngola
90%
PaísesArgélia
90%
PaísesLíbia
90%
PaísesNíger
90%
PaísesRep. Dem. do Congo
90%
PaísesSudão
90%
PaísesSudão
90%
PaísesArgélia
89%
PaísesEgito
89%
PaísesNíger
89%
PaísesNíger
89%
PaísesRep. Dem. do Congo
89%
PaísesÁfrica do Sul
88%
PaísesArgélia
88%
PaísesArgélia
88%
PaísesEtiópia
88%
PaísesLíbia
88%
PaísesLíbia
88%
PaísesNigéria
88%
PaísesRep. Dem. do Congo
88%
PaísesRepública Centro-Africana
88%
PaísesRepública do Congo
88%
PaísesMoçambique
87%
PaísesRep. Dem. do Congo
87%
PaísesSomália
87%
PaísesAngola
86%
PaísesBotswana
86%
PaísesChade
86%
PaísesLíbia
86%
PaísesMauritânia
86%
PaísesSudão
86%
PaísesSudão
86%
PaísesChade
85%
PaísesEtiópia
85%
PaísesMali
85%
PaísesNamíbia
85%
PaísesNíger
85%
PaísesSudão do Sul
85%
PaísesSudão do Sul
85%
PaísesÁfrica do Sul
84%
PaísesChade
84%
PaísesMali
84%
PaísesSenegal
84%
PaísesSudão do Sul
84%
PaísesZâmbia
84%
PaísesMauritânia
83%
PaísesNamíbia
83%
PaísesNamíbia
83%
PaísesBotswana
82%
PaísesMoçambique
82%
PaísesRepública Centro-Africana
82%
PaísesRepública do Congo
82%
PaísesChade
81%
PaísesSudão
81%
PaísesGuiné
80%
PaísesQuênia
80%
PaísesSudão do Sul
80%
PaísesSudão do Sul
80%
PaísesZimbábue
80%
PaísesÁfrica do Sul
79%
PaísesCamarões
79%
PaísesCosta do Marfim
79%
PaísesMali
79%
PaísesMali
79%
PaísesQuênia
79%
PaísesRepública Centro-Africana
79%
PaísesSomália
79%
PaísesTunísia
79%
PaísesZâmbia
79%
PaísesChade
78%
PaísesMoçambique
78%
PaísesRepública do Congo
78%
PaísesCamarões
77%
PaísesGuiné
77%
PaísesMali
77%
PaísesMoçambique
77%
PaísesZâmbia
77%
PaísesLíbia
76%
PaísesMali
76%
PaísesQuênia
76%
PaísesSenegal
76%
PaísesTanzânia
76%
PaísesUganda
76%
PaísesBurkina Faso
75%
PaísesCosta do Marfim
75%
PaísesCosta do Marfim
75%
PaísesEtiópia
75%
PaísesLesoto
75%
PaísesMauritânia
75%
PaísesNigéria
75%
PaísesQuênia
75%
PaísesRepública Centro-Africana
75%
PaísesEtiópia
74%
PaísesGuiné
74%
PaísesTanzânia
74%
PaísesUganda
74%
PaísesArgélia
73%
PaísesBurkina Faso
73%
PaísesEritreia
73%
PaísesBotswana
72%
PaísesGana
72%
PaísesZimbábue
72%
PaísesCamarões
71%
PaísesCosta do Marfim
71%
PaísesNigéria
71%
PaísesRepública Centro-Africana
71%
PaísesBurkina Faso
70%
PaísesGana
70%
PaísesGuiné
70%
PaísesUganda
69%
PaísesZâmbia
69%
PaísesZimbábue
69%
PaísesTunísia
68%
PaísesBurkina Faso
67%
PaísesEritreia
67%
PaísesGabão
67%
PaísesBenim
66%
PaísesLibéria
66%
PaísesMoçambique
66%
PaísesSenegal
66%
PaísesCosta do Marfim
65%
PaísesCamarões
64%
PaísesGuiné
64%
PaísesLibéria
64%
PaísesMalawi
63%
PaísesMauritânia
61%
PaísesSerra Leoa
61%
PaísesGana
57%
PaísesTogo
57%
PaísesLibéria
52%
PaísesTogo
49%
PaísesBenim
45%
PaísesSerra Leoa
43%

Distribuição das Pontuações

Percentil de Números Respondidos

Porcentagem de Pessoas com Cada Pontuação

Sua Pontuação Histórica

Você não jogou esse quiz